| 000 | 00660nam a22002057a 4500 | ||
|---|---|---|---|
| 003 | MPLRDC | ||
| 005 | 20220104201110.0 | ||
| 008 | 210129b ||||| |||| 00| 0 eng d | ||
| 020 | _a978-7-5326-0849-2 | ||
| 082 | _a630.8 ZHWM-2 v.10 | ||
| 100 | _a陈万雄, 张倩仪 | ||
| 245 |
_a中华文明传真. 10 _c刘炜 主编 |
||
| 250 | _a初版一刷 | ||
| 260 |
_a中国 _b上海辞书出版社; 商务印书馆(香港)有限公司 _c2001 |
||
| 300 | _b平 | ||
| 490 | _a中华文明传真: 10 | ||
| 520 | _a上架 2017-09-02。 2017-11-21 弄湿--pg.114-封面底(6255)。 | ||
| 650 | _a中国文化史--丛书 | ||
| 942 |
_cBK _o630.8 ZHWM-2 v.10 |
||
| 999 |
_c67004 _d66994 |
||